00607cam a22002291 4500001001300000003000400013005001700017008004100034010001700075035002000092040001800112042001200130050001900142100003400161245004000195260002200235300001900257500001400276504003100290600003900321999001700360sa 68003287 DLC20260227112451.0890601s1968 ii b 000 0 hino  asa 68003287  a(OCoLC)19794990 aDLCcWaUdDLC apremarc00aPK2098.V3bZ631 aGupta, Rameśacandra,d1940-10aMahādevī kā kāvya-vaibhava. c[1968, i.e. 1967] a248 p.c22 cm. aIn Hindi. aBibliographical footnotes.10aVarmā, Mahādevī,d1907-1987. c79369d79369